Statistics for Eurasia Geography chain 2

Click here to take the quiz!

General Stats

  • This quiz has been taken 36 times
  • The average score is 16 of 20

Answer Stats

HintAnswer% Correct
Only country bordering DenmarkGermany
100%
Only country that begins with this letterYemen
100%
Language spoke in the UAEArabic
97%
Language spoken in ThailandThai
94%
Home of coronavirusWuhan
91%
Japan is in ---- AsiaEast
88%
Capital of ItalyRome
88%
Only country that begins with this letterQatar
85%
Island in Italy but not SicilySardinia
85%
Capital of SyriaDamascus
82%
Asian countryIraq
82%
Where Anne Frank mainly livedNetherlands
82%
Country with cities such as Bergen and TrondheimNorway
82%
Largest city in MyanmarYangon
76%
Former name of GuangzhouCanton
68%
Capital of MyanmarNaypyidaw
68%
City in the UKNewcastle
62%
Subdivision with a cross and white in the backgroundEngland
53%
Tuscany, Grodno and Andalusia are Europe ------------Subdivisions
41%
Largest subdivision in ChinaXinjiang
35%

Score Distribution

Percentile by Number Answered

Percent of People with Each Score

Your Score History

You have not taken this quiz